00935nam a22003017a 4500003000500000005001700005008004100022010001100063011001100074020001500085035001100100040000900111082001500120245013100135260003200266300002700298490003100325650001900356650002100375650002500396650004000421650003300461650002400494700002400518700002900542700003100571830003100602CHAP20220329143756.0110809s2005 us a r 00010 eng d a101757 a102729 a3540221913 a113418 cCHAP04a577.3bF7600aForest diversity and function:btemperate and boreal systemsc/editado por M. Scherer - Lorenzen, Ch. Körner y E. D. Schulze aNew York :bSpringer,c2005 axxi, 399 p. :bilus. ; aEcological studiesvv. 17614aBiodiversidad.14aBosques y clima.14aBosquesxEcología.14aBosquesxEfecto del medio ambiente.14aBosquesxRegiones templadas.14aRegiones árticas.0 aSchulze, E. D.eed.1 aKörner, Christianeed.1 aScherer, Lorenzen, M.eEd.0 aEcological studiesvv. 176